Origen y desarrollo del sistema de referencia cronológica para el antiguo Oriente (Registro nro. 64049)
[ vista simple ]
| 000 -LÍDER | |
|---|---|
| Campo fijo de descripción fija | 01750nab a22002657a 4500 |
| 001 - NÚMERO DE CONTROL | |
| Campo de control | 768714001 |
| 003 - IDENTIFICADOR DEL NÚMERO DE CONTROL | |
| Campo de control | CO-MdFUSB |
| 005 - FECHA Y HORA DE LA ULTIMA TRANSACCIÓN | |
| control field | 20230111165559.0 |
| 008 - ELEMENTOS DE LONGITUD FIJA -- INFORMACIÓN GENERAL | |
| Campo fijo de descripción fija -- Información general | 170928s2013 spa||||| |||| 00| 0 gt d |
| 022 ## - NÚMERO INTERNACIONAL NORMALIZADO PARA PUBLICACIONES SERIADAS | |
| Número Internacional Normalizado para Publicaciones Seriadas | 1014-9341 |
| 040 ## - FUENTE DE CATALOGACIÓN | |
| Agencia Catalogadora | CO-MdFUSB |
| Idioma de catalogación | spa |
| Agencia que realiza la transcripción | CO-MdFUSB |
| Agencia que realiza la modificación | CO-MdFUSB |
| 041 ## - CÓDIGO DE IDIOMA | |
| Código de idioma para texto/pista de sonido o título separado | spa |
| 100 ## - ASIENTO PRINCIPAL--NOMBRE PERSONAL | |
| Nombre personal | Smith Kennedy, Donald |
| Término relacionador | autor |
| 245 1# - TÍTULO | |
| Título | Origen y desarrollo del sistema de referencia cronológica para el antiguo Oriente |
| Subtitulo | (tercera de tres partes) |
| Mención de responsabilidad | / Smith Kennedy, Donald |
| 300 ## - DESCRIPCIÓN FÍSICA | |
| Extensión | Número 52 (Enero - Junio, 2013), páginas 9-28 |
| Dimensiones | ; 22 cm |
| 520 1# - NOTA DE RESUMEN, ETC. | |
| Nota de sumario, etc. | Desde el siglo XIX muchos han abandonado la cronología bíblica como referencia fundamental debido a nuevas teorías geológicas y biológicas, hallazgos arqueológicos y acercamientos críticos al texto bíblico. Ahora se basa la cronología del antiguo Oriente en el esquema de las dinastías egipcias, la identificación de SIsac con Shosheq I, los ciclos de Sotis, la Lista de epónimos asirios, el Canon de reyes de Ptolomeo, otras listas de reyes y antiguas observaciones astronómicas. Sin embargo, algunos de los fundamentos carecen de sustento adecuado, pues dependen de conceptos cuestionables. El sistema, cuyas fechas aparecen como ciertas en los libros de referencia, es obsoleto y requiere renovación, una tarea ingente. Hoy los expertos debaten entre tres opciones –la cronología alta (o larga), la media y la baja– y aún hay quienes argumentan a favor de una cronología ultra-baja. |
| 650 #7 - ASIENTO SECUNDARIO DE MATERIA - TERMINO TEMÁTICO | |
| 9 (RLIN) | 320 |
| Término temático o nombre geográfico como elemento de entrada | Teología bíblica |
| 653 ## - TÉRMINO DE INDIZACIÓN - NO CONTROLADO | |
| Término no controlado | Cronología |
| 653 ## - TÉRMINO DE INDIZACIÓN - NO CONTROLADO | |
| Término no controlado | Canon |
| 653 ## - TÉRMINO DE INDIZACIÓN - NO CONTROLADO | |
| Término no controlado | Sotis |
| 653 ## - TÉRMINO DE INDIZACIÓN - NO CONTROLADO | |
| Término no controlado | Sisac |
| 653 ## - TÉRMINO DE INDIZACIÓN - NO CONTROLADO | |
| Término no controlado | Shosheq |
| 773 ## - ASIENTO DE ITEM FUENTE | |
| Biblionumber | 49489 |
| Itemnumber | 76152 |
| Parte(s) relacionada(s) / Volumen., número. (mes año), páginas | Número 52 (Enero - Junio, 2013), páginas 9-28 |
| Enumeración y primera página | Páginas 9 |
| Título | Kairós |
| 942 ## - TIPO DE MATERIAL (KOHA) | |
| Tipo de Item KOHA | Artículos de Revista |
No hay ítems disponibles.
